MARC details
| 000 -CABECERA |
| campo de control de longitud fija |
01457nam a2200265 a 4500 |
| 001 - NÚMERO DE CONTROL |
| campo de control |
000000412 |
| 005 - FECHA Y HORA DE LA ÚLTIMA TRANSACCIÓN |
| campo de control |
20240412074158.0 |
| 008 - DATOS DE LONGITUD FIJA--INFORMACIÓN GENERAL |
| campo de control de longitud fija |
081127s2007 dr r 000 d spa d |
| 020 ## - NÚMERO INTERNACIONAL ESTÁNDAR DEL LIBRO |
| Número Internacional Estándar del Libro |
9789993439493 |
| 040 ## - FUENTE DE LA CATALOGACIÓN |
| Centro catalogador/agencia de origen |
DO-SdBNP |
| Lengua de catalogación |
spa |
| Centro/agencia transcriptor |
BNPHU |
| 082 ## - NÚMERO DE LA CLASIFICACIÓN DECIMAL DEWEY |
| Número de clasificación |
RD862.5 |
| Número de documento/Ítem |
M953f |
| 245 03 - MENCIÓN DE TÍTULO |
| Título |
La mujer frente al espejo : |
| Resto del título |
antología anotada de dramaturgas dominicanas contemporáneas / |
| Mención de responsabilidad, etc. |
compilado por L. Howard Quackenbush. |
| 260 ## - PUBLICACIÓN, DISTRIBUCIÓN, ETC. |
| Lugar de publicación, distribución, etc. |
Santo Domingo : |
| Nombre del editor, distribuidor, etc. |
La Trinitaria, |
| Fecha de publicación, distribución, etc. |
2007. |
| 300 ## - DESCRIPCIÓN FÍSICA |
| Extensión |
383 p. ; |
| Dimensiones |
23 cm. |
| 500 ## - NOTA GENERAL |
| Nota general |
Incluye datos biográficos del compilador en la solapa de la cubierta |
| 505 0# - NOTA DE CONTENIDO CON FORMATO |
| Nota de contenido con formato |
Introducción -- |
| Título |
La eterna Eva y el insoportable Adán -- |
| -- |
Wish-ky Sour (trago amargo) -- |
| -- |
Yo soy Minerva! (Confisiones más allá de la vida y la muerte) -- |
| -- |
La querida de Don José -- |
| -- |
Minerva y Manolo, amor y lucha -- |
| -- |
Por hora y a Piece-Work -- |
| -- |
Estrategias del otro yo: el mundo de Claudia -- |
| -- |
La tierra es de nosotros, 2004 -- |
| -- |
Espejismo -- |
| -- |
Hermanas -- |
| -- |
¿Estamos listos...? -- |
| -- |
Conclusión -- |
| -- |
Bibliografía. |
| 590 ## - NOTA LOCAL (RLIN) |
| Nota local |
Inventariado, 2019/BT |
| 650 #4 - PUNTO DE ACCESO ADICIONAL DE MATERIA--TÉRMINO DE MATERIA |
| Término de materia o nombre geográfico como elemento de entrada |
Teatro dominicano |
| Subdivisión cronológica |
SIGLO XX |
| 9 (RLIN) |
1381 |
| 650 #4 - PUNTO DE ACCESO ADICIONAL DE MATERIA--TÉRMINO DE MATERIA |
| Término de materia o nombre geográfico como elemento de entrada |
Drama dominicano |
| Subdivisión cronológica |
SIGLO XX |
| 9 (RLIN) |
1382 |
| 650 #4 - PUNTO DE ACCESO ADICIONAL DE MATERIA--TÉRMINO DE MATERIA |
| Término de materia o nombre geográfico como elemento de entrada |
Mujeres como autoras |
| Subdivisión geográfica |
República Dominicana |
| Subdivisión general |
Historia y crítica |
| Subdivisión cronológica |
SIGLO XX |
| 9 (RLIN) |
1383 |
| 650 #4 - PUNTO DE ACCESO ADICIONAL DE MATERIA--TÉRMINO DE MATERIA |
| Término de materia o nombre geográfico como elemento de entrada |
Drama domincan0 |
| Subdivisión general |
Historia y crítica |
| Subdivisión cronológica |
SIGLO XX |
| 9 (RLIN) |
1384 |
| 650 #0 - PUNTO DE ACCESO ADICIONAL DE MATERIA--TÉRMINO DE MATERIA |
| Término de materia o nombre geográfico como elemento de entrada |
Literatura dominicana. |
| 9 (RLIN) |
67 |
| 700 12 - PUNTO DE ACCESO ADICIONAL--NOMBRE DE PERSONA |
| Nombre de persona |
Quackenbush, L. Howard, |
| Término indicativo de función/relación |
comp. |
| 9 (RLIN) |
1385 |
| 910 ## - DATOS DE OPCIÓN DEL USUARIO (OCLC) |
| Datos de opción del usuario |
Validado. Control de calidad. MFF |